| 000 | 01113nam a22002177a 4500 | ||
|---|---|---|---|
| 008 | 111130s1964 ua|||||r|||| 00| 0 ara d | ||
| 082 |
_222 _a341.249 _bل ي ج |
||
| 100 |
_927956 _aليجوم، كولن |
||
| 245 |
_aالجامعة الافريقية : _bدليل سياسي موجز / _cتاليف كولين ليجوم ؛ ترجمة أحمد محمود سليمان ؛ مراجعة عبد الملك عودة. |
||
| 250 |
_aط. 2. _bمنقحة |
||
| 260 |
_aالقاهرة : _bالدار المصرية للتأليف والترجمة، _c1964. |
||
| 300 |
_a461 ص. ؛ _c24 سم. |
||
| 490 |
_927957 _aدراسات افريقية |
||
| 650 |
_928063 _aالمنظمات الأفريقية |
||
| 651 |
_927959 _aافريقيا _xسياسة وحكومة |
||
| 653 |
_bAra _cNovember2011 |
||
| 700 |
_927960 _aسليمان، احمد محمود _eمترجم |
||
| 700 |
_927961 _aعودة، عبد الملك _eمراجع |
||
| 942 |
_2ddc _cBB |
||
| 999 |
_c16283 _d16283 |
||